000 00997nam a2200265Ia 4500
003 GCL
008 140319s9999 xx 000 0 ara d
040 _aGCL /
_cGCL
082 0 4 _a216
_bت ا
100 1 _aتهامى العبدولى
245 1 0 _aازمة المعرفة الدينية /
_cتهامى العبدولى
260 _aسوريا :
_bالاكاديمية الثقافية العربية الاسيوية ،
_c2005
260 _aسوريا :
_bدار البلد ،
_c2005
300 _a320 ص ؛
_c24 سم
650 0 4 _aالاسلام والمجتمع
650 0 4 _aالاسلام والاصلاح الدينى
650 0 4 _aالدين والفلسفة
650 0 4 _aالوعى الاجتماعى
650 0 4 _aالاسلام - دفع مطاعن
650 0 4 _aعلم الكلام
650 0 4 _aالاسلام - حركات الاحياء والاصلاح والتجديد
650 0 4 _aالعولمة
650 0 4 _aالدين و الرياضيات
942 _2ddc
_cBK
999 _c8367
_d8367